<?xml version="1.0" encoding="UTF-8"?>
<collection xmlns="http://www.loc.gov/MARC21/slim">
    <record>
        <controlfield tag="001">78464</controlfield>
        <controlfield tag="005">20190326115336.0</controlfield>
        <datafield tag="037" ind1=" " ind2=" ">
            <subfield code="a">TAZ-TFM-2017-868</subfield>
        </datafield>
        <datafield tag="041" ind1=" " ind2=" ">
            <subfield code="a">spa</subfield>
        </datafield>
        <datafield tag="100" ind1="1" ind2=" ">
            <subfield code="a">Martínez Garrido, María</subfield>
        </datafield>
        <datafield tag="242" ind1="0" ind2="0">
            <subfield code="a">Analysis of the relationship between prematurity and different maternal obstetric and sociodemographic characteristics</subfield>
        </datafield>
        <datafield tag="245" ind1="0" ind2="0">
            <subfield code="a">Análisis de la relación que existe entre la prematuridad y diferentes características obstétricas y sociodemográficas maternas</subfield>
        </datafield>
        <datafield tag="260" ind1=" " ind2=" ">
            <subfield code="a">Zaragoza</subfield>
            <subfield code="b">Universidad de Zaragoza</subfield>
            <subfield code="c">2017</subfield>
        </datafield>
        <datafield tag="506" ind1=" " ind2=" ">
            <subfield code="a">by-nc-sa</subfield>
            <subfield code="b">Creative Commons</subfield>
            <subfield code="c">3.0</subfield>
            <subfield code="u">http://creativecommons.org/licenses/by-nc-sa/3.0/</subfield>
        </datafield>
        <datafield tag="520" ind1=" " ind2=" ">
            <subfield code="a">Introducción: El parto prematuro (gestación de &lt; 37 semanas) es un problema de salud pública mundial y el mayor desafío clínico actual de la Medicina Perinatal. Junto con el bajo peso al nacer se consideran los predictores más importantes de morbimortalidad neonatal en todo el mundo. La tasa de parto prematuro se ha incrementado en los últimos años en la mayoría de los países desarrollados. En todo el mundo nacen aproximadamente 12,9 millones de recién nacidos prematuros cada año. En España la tasa es del 8,3%, unos 30000. Aproximadamente el 28% de los 4 millones de muertes neonatales en todo el mundo son directamente atribuibles al parto prematuro. Objetivo: Analizar la relación existente entre los nacimientos de niños prematuros, con características obstétricas y sociodemográficas maternas y neonatales.  Metodología: Se trata de un estudio descriptivo retrospectivo de corte transversal en el que se comparan y cruzan diferentes variables maternas y neonatales. La población de estudio son los niños prematuros que nacieron en el Hospital Materno Infantil Miguel Servet de Zaragoza en el año 2015. Resultados: Los niños que no han sido concebidos gracias a técnicas de reproducción asistida tienen mayor edad gestacional. Los niños que han nacido de un embarazo único tienen más edad gestacional. A más edad gestacional, mayor peso. Los niños nacidos gracias a técnicas de reproducción asistida (TRA) presentan mayor edad materna, peso más bajo, embarazo múltiple e hipertensión arterial y preeclampsia. El embarazo múltiple se asocia con hipertensión arterial, preeclamsia y bajo peso. Palabras clave: Parto prematuro, recién nacido prematuro, técnicas de reproducción asistida, parto múltiple y complicaciones del embarazo.</subfield>
        </datafield>
        <datafield tag="521" ind1=" " ind2=" ">
            <subfield code="a">Máster Universitario en Iniciación a la Investigación en Ciencias de la Enfermería</subfield>
        </datafield>
        <datafield tag="540" ind1=" " ind2=" ">
            <subfield code="a">Derechos regulados por licencia Creative Commons</subfield>
        </datafield>
        <datafield tag="700" ind1=" " ind2=" ">
            <subfield code="a">Monzón Fernández, Araceli</subfield>
            <subfield code="e">dir.</subfield>
        </datafield>
        <datafield tag="710" ind1="2" ind2=" ">
            <subfield code="a">Universidad de Zaragoza</subfield>
            <subfield code="b">Fisiatría y Enfermería</subfield>
            <subfield code="c">Enfermería</subfield>
        </datafield>
        <datafield tag="856" ind1="0" ind2=" ">
            <subfield code="f">653675@celes.unizar.es</subfield>
        </datafield>
        <datafield tag="856" ind1="4" ind2=" ">
            <subfield code="s">1442457</subfield>
            <subfield code="u">http://zaguan.unizar.es/record/78464/files/TAZ-TFM-2017-868.pdf</subfield>
            <subfield code="y">Memoria (spa)</subfield>
        </datafield>
        <datafield tag="909" ind1="C" ind2="O">
            <subfield code="o">oai:zaguan.unizar.es:78464</subfield>
            <subfield code="p">driver</subfield>
            <subfield code="p">trabajos-fin-master</subfield>
        </datafield>
        <datafield tag="950" ind1=" " ind2=" ">
            <subfield code="a"></subfield>
        </datafield>
        <datafield tag="951" ind1=" " ind2=" ">
            <subfield code="a">deposita:2019-03-26</subfield>
        </datafield>
        <datafield tag="980" ind1=" " ind2=" ">
            <subfield code="a">TAZ</subfield>
            <subfield code="b">TFM</subfield>
            <subfield code="c">EUCS</subfield>
        </datafield>
    </record>

    
</collection>